000 00560nam a2200217Ia 4500
003 OSt
005 20220928120749.0
006 a|||||r|||| 00| 0
007 ta
008 220927b |||||||| |||| 00| 0 eng d
024 _a63738
037 _cTextual
040 _aSDCL
_cSDCL
_beng
041 _2eng
_aeng
082 _aG1132:f3, P4
100 _aReece Richard J Au.
_9450989
245 0 _aAnalysis of genes and genomes
300 _axii,469p
_ccm.
942 _hG1132:f3, P4
_cTEXL
_2CC
999 _c765115
_d765115